[Event "EU-Cup 27th"]
[Site "Rogaska Slatina"]
[Date "2011.09.28"]
[Round "4"]
[White "Gokerman, Ersan"]
[Black "Heinrich, Jan"]
[Result "1-0"]
[WhiteElo "2061"]
[BlackElo "2099"]
[PlyCount "81"]
[EventDate "2011.09.25"]
[EventType "team-swiss"]
[EventRounds "7"]
[EventCountry "SLO"]
[SourceTitle "CBM 145"]
[Source "ChessBase"]
[SourceDate "2011.11.11"]
[SourceVersion "1"]
[SourceVersionDate "2011.11.11"]
[SourceQuality "1"]
[WhiteTeam "Isek Aquamatch"]
[BlackTeam "Adare"]
[WhiteTeamCountry "TUR"]
[BlackTeamCountry "IRL"]

1. d4 d5 2. Nf3 Nf6 3. c4 e6 4. g3 dxc4 5. Bg2 c5 6. Qa4+ Bd7 7. Qxc4 Bc6 8. 0-0 Nbd7 9. Nc3 Nb6 10. Qd3 cxd4 11. Nb5 a6 12. Nbxd4 Be4 13. Qd1 Bc5 14. Be3 Qe7 15. b4 Bxd4 16. Qxd4 Nbd5 17. a3 Rd8 18. Bg5 h6 19. Bxf6 Nxf6 20. Qa7 0-0 21. Rac1 Qd6 22. Qe3 Rd7 23. h3 Rfd8 24. Rc5 b6 25. Rc4 Bd5 26. Rh4 Bxf3 27. Bxf3 Kh7 28. Kg2 Qc7 29. Rc1 Qb8 30. Rcc4 Rd1 31. Rcf4 Nd5 32. Bxd5 R8xd5 33. Rxf7 Kg8 34. Qxe6 Qe5 35. Rxg7+ Kxg7 36. Rg4+ Qg5 37. Qxb6 Kf7 38. Rxg5 hxg5 39. Qxa6 Rd6 40. Qc4+ Kf6 41. b5 1-0

[Event "LSS SA-2009-0-00090"]
[Site "LSS email"]
[Date "2009.10.18"]
[Round "?"]
[White "Eijk, Yuri"]
[Black "Gokerman, Ersan"]
[Result "0-1"]
[WhiteElo "2000"]
[BlackElo "2108"]
[PlyCount "38"]
[EventDate "2009.09.25"]
[EventType "tourn (corr)"]
[EventRounds "6"]
[EventCountry "GER"]
[SourceTitle "Corr 2013"]
[Source "ChessBase"]
[SourceDate "2012.11.12"]
[SourceVersion "1"]
[SourceVersionDate "2012.11.12"]
[SourceQuality "1"]
[WhiteTeam "US of America"]
[BlackTeam "US of America"]
[WhiteTeamCountry "USA"]
[BlackTeamCountry "USA"]

1. d4 d5 2. c4 e6 3. Nc3 Nf6 4. cxd5 exd5 5. Bg5 c6 6. e3 Be7 7. Bd3 0-0 8. Nge2 Nbd7 9. 0-0 Re8 10. Qc2 Nf8 11. Bxf6 Bxf6 12. b4 a6 13. a4 g6 14. b5 Ne6 15. bxc6 bxc6 16. Rab1 Ra7 17. Rfc1 Bb7 18. Qa2 Bg7 19. a5 c5 0-1

[Event "LSS SA-2009-0-00090"]
[Site "LSS email"]
[Date "2009.10.18"]
[Round "?"]
[White "Signes Almodovar, Salvador"]
[Black "Gokerman, Ersan"]
[Result "1/2-1/2"]
[WhiteElo "2067"]
[BlackElo "2108"]
[PlyCount "31"]
[EventDate "2009.09.25"]
[EventType "tourn (corr)"]
[EventRounds "6"]
[EventCountry "GER"]
[SourceTitle "Corr 2013"]
[Source "ChessBase"]
[SourceDate "2012.11.12"]
[SourceVersion "1"]
[SourceVersionDate "2012.11.12"]
[SourceQuality "1"]
[WhiteTeam "US of America"]
[BlackTeam "US of America"]
[WhiteTeamCountry "USA"]
[BlackTeamCountry "USA"]

1. d4 d5 2. c4 e6 3. Nc3 Nf6 4. Bg5 c6 5. Nf3 h6 6. Bxf6 Qxf6 7. e3 Nd7 8. Bd3 dxc4 9. Bxc4 g6 10. 0-0 Bg7 11. Rc1 0-0 12. e4 e5 13. d5 Nb6 14. dxc6 bxc6 15. Be2 Rd8 16. Qb3 1/2-1/2

[Event "LSS SA-2009-0-00056"]
[Site "LSS email"]
[Date "2009.05.03"]
[Round "?"]
[White "Gokerman, Ersan"]
[Black "Kroes, Friso"]
[Result "1-0"]
[WhiteElo "2105"]
[BlackElo "2085"]
[PlyCount "99"]
[EventDate "2009.03.20"]
[EventType "tourn (corr)"]
[EventRounds "6"]
[EventCountry "GER"]
[SourceTitle "Corr 2011"]
[Source "ChessBase"]
[SourceDate "2010.08.31"]
[SourceVersion "1"]
[SourceVersionDate "2010.08.31"]
[SourceQuality "1"]

1. d4 d5 2. c4 c6 3. Nc3 e6 4. Nf3 Nf6 5. Bg5 dxc4 6. e4 b5 7. e5 h6 8. Bh4 g5 9. Nxg5 hxg5 10. Bxg5 Nbd7 11. g3 Qb6 12. exf6 Bb7 13. Bg2 0-0-0 14. 0-0 Ne5 15. dxe5 Rxd1 16. Raxd1 b4 17. Ne4 c5 18. Bf4 Qa6 19. Rd2 c3 20. bxc3 bxc3 21. Rc2 Qa4 22. Re2 Ba6 23. Nxc3 Qd4 24. Rc2 Bxf1 25. Bxf1 Qb4 26. Be3 Rh5 27. f4 Kb8 28. Rc1 Kc7 29. Be2 Rh3 30. Kg2 Rh8 31. h4 Kc8 32. Kf2 Kd7 33. a4 Kd8 34. h5 Kc7 35. g4 Kd7 36. g5 Qb2 37. Kg3 c4 38. Bxc4 Rxh5 39. Ne2 Bb4 40. Kg4 Qa3 41. Bb5+ Kd8 42. Rd1+ Kc8 43. Rd3 Qb2 44. Kxh5 Qxe2+ 45. Kh6 Bf8+ 46. Kh7 Qh5+ 47. Kg8 Bb4 48. f5 exf5 49. Bd7+ Kb7 50. Bxf5 1-0

[Event "LSS SA-2009-0-00056"]
[Site "LSS email"]
[Date "2009.05.02"]
[Round "?"]
[White "Ponting, Andrew"]
[Black "Gokerman, Ersan"]
[Result "1/2-1/2"]
[WhiteElo "1937"]
[BlackElo "2105"]
[PlyCount "62"]
[EventDate "2009.03.20"]
[EventType "tourn (corr)"]
[EventRounds "6"]
[EventCountry "GER"]
[SourceTitle "Corr 2011"]
[Source "ChessBase"]
[SourceDate "2010.08.31"]
[SourceVersion "1"]
[SourceVersionDate "2010.08.31"]
[SourceQuality "1"]

1. d4 d5 2. c4 c6 3. Nf3 Nf6 4. Nc3 e6 5. Bg5 h6 6. Bh4 dxc4 7. e4 g5 8. Bg3 b5 9. Be2 Bb7 10. 0-0 Nbd7 11. Ne5 Bg7 12. Nxd7 Nxd7 13. Bd6 a6 14. a4 e5 15. Bg4 exd4 16. e5 c5 17. Re1 Nxe5 18. Bxe5 0-0 19. Bxg7 Kxg7 20. Ne2 f5 21. Bh5 f4 22. b4 d3 23. bxc5 b4 24. Nd4 Qxd4 25. Re7+ Kh8 26. Rxb7 Rab8 27. Rxb8 Rxb8 28. Rb1 c3 29. Qb3 Qe5 30. Bg6 d2 31. Rf1 a5 1/2-1/2

[Event "TUR-chT"]
[Site "Kocaeli"]
[Date "2008.06.25"]
[Round "3"]
[White "Gokerman, Ersan"]
[Black "Kilicaslan, Hasan"]
[Result "1/2-1/2"]
[WhiteElo "2162"]
[BlackElo "2268"]
[PlyCount "100"]
[EventDate "2008.06.24"]
[EventType "team"]
[EventRounds "15"]
[EventCountry "TUR"]
[SourceTitle "CBM 125 Extra"]
[Source "ChessBase"]
[SourceDate "2008.09.01"]
[SourceVersion "1"]
[SourceVersionDate "2008.09.01"]
[SourceQuality "1"]

1. d4 Nf6 2. Nf3 d5 3. c4 c6 4. Nc3 e6 5. Bg5 Nbd7 6. cxd5 exd5 7. e3 Be7 8. Bd3 0-0 9. Qc2 Re8 10. 0-0 Nf8 11. Rae1 g6 12. Ne5 Ne6 13. Bh4 Ng7 14. f3 Be6 15. Bf2 Rc8 16. g4 a6 17. Qd2 c5 18. Ne2 Qb6 19. Rb1 Nd7 20. Nxd7 Bxd7 21. Nc3 Bc6 22. Bc2 Ne6 23. f4 cxd4 24. exd4 Bf6 25. Rbd1 Qxb2 26. Rb1 Qa3 27. g5 Be7 28. Rb3 Qd6 29. Bg3 Qd8 30. h4 Bd6 31. h5 Ng7 32. hxg6 fxg6 33. Kh2 Nh5 34. Ne2 Bb5 35. Bd3 Bc4 36. Rxb7 Rc7 37. Bxc4 dxc4 38. Rfb1 Qe7 39. Rb8 Rcc8 40. Rxc8 Rxc8 41. Nc3 Nxg3 42. Re1 Bxf4 43. Rxe7 Nf1+ 44. Kh3 Nxd2 45. Kg4 Bd6 46. Rd7 Bb4 47. Nd5 c3 48. Nf6+ Kf8 49. Nxh7+ Kg8 50. Nf6+ Kf8 1/2-1/2